Statistics for famous landmarks

Click here to take the quiz!

General Stats

  • This quiz has been taken 19 times
  • The average score is 8 of 15

Answer Stats

QuestionAnswer% Correct
A giant mountain in Australia is the...Uluru
88%
The tallest waterfall is...angel falls
82%
France gave America the statue of Liberty as a sign as...Democracy and freedom
76%
In French the Eiffel tower is...tour Eiffel
76%
The river Danube is in which country?Austria
71%
How many waterfalls make up Niagra Falls3
59%
The Jesus Christ statue is on the summit of which mountain?Corcovado
59%
What Pharaoh had the Great Pyramid of Giza for his tomb?Khufu
53%
The Kremlin started getting built in...1839
47%
The Anghor Wat covers .............. acres of land402
47%
How many rooms are in Buckingham775
47%
The tower of Pisa is located behind...St Pisa Cathedral
47%
How long is the Great Wall of China?21,196km
35%
How many people visit the Sidney Oprea house each year7 million
29%
Mount Everest was discovered when?1852
18%

Score Distribution

Percentile by Number Answered

Percent of People with Each Score

Your Score History

You have not taken this quiz